| 000 | 00734nam a22001815i 4500 | ||
|---|---|---|---|
| 001 | 171880 | ||
| 003 | ES-MaACL | ||
| 005 | 20230906214744.0 | ||
| 008 | 090605s1898 sp |||| | spa d | ||
| 100 | 1 |
_aAranda y Pery, Joaquín María ( _d1832-1901) _922294 |
|
| 245 | 1 | 3 |
_aEl marqués de la Ensenada _b: estudios sobre su administración / _cpor Joaquín Mª Aranda. |
| 260 |
_aMadrid : _b[s.n.], _c1898 ( _fImp. de los hijos de M. G. Hernández) |
||
| 300 |
_a133 p. ; _c20 cm. |
||
| 530 | _aDisponible en formato digital. | ||
| 600 | 1 | 4 |
_aEnsenada, Zenón de Somodevilla y Bengoechea _cMarqués de la. _9126942 |
| 852 |
_aES-MaACL _jF-1522 |
||
| 856 |
_uhttp://bdh-rd.bne.es/viewer.vm?id=0000000969 _zBiblioteca Digital Hispánica |
||
| 999 |
_c171880 _d171880 |
||